Catálogo
 En Linea

Documentos internacionales sobre lavado de dinero / (Registro nro. 4890)

Detalles MARC
000 -CABECERA
campo de control de longitud fija 00727nam a2200217 a 4500
001 - NÚMERO DE CONTROL
campo de control 000005086
003 - IDENTIFICADOR DEL NÚMERO DE CONTROL
campo de control DO-SdBNP
005 - FECHA Y HORA DE LA ÚLTIMA TRANSACCIÓN
campo de control 20230207125027.0
008 - DATOS DE LONGITUD FIJA--INFORMACIÓN GENERAL
campo de control de longitud fija 090729s2000 dr 001 spa d
040 ## - FUENTE DE LA CATALOGACIÓN
Centro catalogador/agencia de origen DO-SdBNP
Lengua de catalogación spa
Centro/agencia transcriptor BNPHU
082 ## - NÚMERO DE LA CLASIFICACIÓN DECIMAL DEWEY
Número de clasificación xxx
Número de documento/Ítem M896d
Número de edición 22
100 1# - ENTRADA PRINCIPAL--NOMBRE DE PERSONA
Nombre de persona Moscoso Segarra, Alejandro A.
9 (RLIN) 14606
245 10 - MENCIÓN DE TÍTULO
Título Documentos internacionales sobre lavado de dinero /
Mención de responsabilidad, etc. compiladores; Alejandro A. Moscoso Segarra y Olivo A. Rodríguez Huertas.
260 ## - PUBLICACIÓN, DISTRIBUCIÓN, ETC.
Lugar de publicación, distribución, etc. Santo Domingo, :
Nombre del editor, distribuidor, etc. Procuraduría General de la República,
Fecha de publicación, distribución, etc. 2000.
300 ## - DESCRIPCIÓN FÍSICA
Extensión 329 p. ;
Dimensiones 21 cm.
500 ## - NOTA GENERAL
Nota general Incluye tabla de contenido
500 ## - NOTA GENERAL
Nota general Incluye datos biográficos
590 ## - NOTA LOCAL (RLIN)
Nota local Inventariado, 2023 / DG
910 ## - DATOS DE OPCIÓN DEL USUARIO (OCLC)
Datos de opción del usuario DG
942 ## - ELEMENTOS DE PUNTO DE ACCESO ADICIONAL (KOHA)
Fuente del sistema de clasificación o colocación Dewey Decimal Classification
Tipo de ítem Koha Libro
Existencias
Estado de retiro Estado de pérdida No para préstamo Código de colección Localización permanente Ubicación/localización actual Ubicación en estantería Fecha de adquisición Número de inventario Total de préstamos Signatura topográfica completa Código de barras Fecha visto por última vez Precio válido a partir de Tipo de ítem Koha Fuente del sistema de clasificación o colocación Restricciones de uso Número de copia
      Patrimonio Dominicano Biblioteca Nacional Pedro Henríquez Ureña Biblioteca Nacional Pedro Henríquez Ureña En catalogación 07.02.2023     xxx M896d 2023-0735 07.02.2023 07.02.2023 Libro Dewey Decimal Classification Excluido de préstamo e.2
    Excluido de préstamo Patrimonio Dominicano Patrimonio Dominicano Patrimonio Dominicano En catalogación 24.08.2009 LF1   xxx M896d 5086-10 25.06.2020 25.06.2020 Libro y Folleto Colección Patrimonio Dominicano      

Con tecnología Koha